<?xml version="1.0" encoding="UTF-8"?>
<record
    xmlns:xsi="http://www.w3.org/2001/XMLSchema-instance"
    xsi:schemaLocation="http://www.loc.gov/MARC21/slim http://www.loc.gov/standards/marcxml/schema/MARC21slim.xsd"
    xmlns="http://www.loc.gov/MARC21/slim">

  <leader>02921nam a2200553 c 4500</leader>
  <controlfield tag="001">60531</controlfield>
  <controlfield tag="003">SpMaBN</controlfield>
  <controlfield tag="005">20260218194650.0</controlfield>
  <controlfield tag="007">ta</controlfield>
  <controlfield tag="008">200722s2019    sp a   | |||| 000 0cspa  </controlfield>
  <datafield tag="017" ind1=" " ind2=" ">
    <subfield code="a">B 19321-2019 (estuche)</subfield>
    <subfield code="a">B 9481-2018 (v. 1)</subfield>
    <subfield code="a">B 26422-2018 (v. 2)</subfield>
    <subfield code="b">Oficina Dep&#xF3;sito Legal Barcelona</subfield>
  </datafield>
  <datafield tag="020" ind1=" " ind2=" ">
    <subfield code="a">9788417761837</subfield>
    <subfield code="q">estuche</subfield>
  </datafield>
  <datafield tag="020" ind1=" " ind2=" ">
    <subfield code="a">9788417128531</subfield>
    <subfield code="q">v. 1</subfield>
  </datafield>
  <datafield tag="020" ind1=" " ind2=" ">
    <subfield code="a">9788417128944</subfield>
    <subfield code="q">v. 2</subfield>
  </datafield>
  <datafield tag="040" ind1=" " ind2=" ">
    <subfield code="a">SpMaBN</subfield>
    <subfield code="b">spa</subfield>
    <subfield code="c">SpMaBN</subfield>
    <subfield code="e">rda</subfield>
  </datafield>
  <datafield tag="080" ind1=" " ind2=" ">
    <subfield code="a">087.5:929(100)</subfield>
  </datafield>
  <datafield tag="080" ind1=" " ind2=" ">
    <subfield code="a">087.5:59:398</subfield>
  </datafield>
  <datafield tag="100" ind1="1" ind2=" ">
    <subfield code="a">Mazzanti, Marcelo E.</subfield>
    <subfield code="d">1966-</subfield>
    <subfield code="e">autor</subfield>
    <subfield code="9">68989</subfield>
  </datafield>
  <datafield tag="243" ind1="1" ind2="0">
    <subfield code="a">Obra selecta</subfield>
  </datafield>
  <datafield tag="245" ind1="1" ind2="0">
    <subfield code="a">Cuentos para cambiar el mundo :</subfield>
    <subfield code="b">100 biograf&#xED;as inspiradoras : personajes y animales que se han convertido en superh&#xE9;roes sin necesidad de capa ni espada</subfield>
    <subfield code="c">G.L. Marvel ; texto, Marcelo E. Mazzanti ; ilustraciones, Sara C. Labrada y Mar Guix&#xE9;</subfield>
  </datafield>
  <datafield tag="250" ind1=" " ind2=" ">
    <subfield code="a">Primera edici&#xF3;n: octubre de 2019</subfield>
  </datafield>
  <datafield tag="264" ind1=" " ind2="1">
    <subfield code="a">[Barcelona]</subfield>
    <subfield code="b">Duomo Ediciones,</subfield>
    <subfield code="c">[2019]</subfield>
  </datafield>
  <datafield tag="264" ind1=" " ind2="4">
    <subfield code="c">&#xA9;2019</subfield>
  </datafield>
  <datafield tag="300" ind1=" " ind2=" ">
    <subfield code="a">2 vol&#xFA;menes</subfield>
    <subfield code="b">ilustraciones (color)</subfield>
    <subfield code="c">24 cm</subfield>
  </datafield>
  <datafield tag="336" ind1=" " ind2=" ">
    <subfield code="a">Texto</subfield>
    <subfield code="2">rdacontent</subfield>
    <subfield code="b">txt</subfield>
  </datafield>
  <datafield tag="337" ind1=" " ind2=" ">
    <subfield code="a">sin mediaci&#xF3;n</subfield>
    <subfield code="2">rdamedia</subfield>
    <subfield code="b">n</subfield>
  </datafield>
  <datafield tag="338" ind1=" " ind2=" ">
    <subfield code="a">volumen</subfield>
    <subfield code="2">rdacarrier</subfield>
    <subfield code="b">nc</subfield>
  </datafield>
  <datafield tag="500" ind1=" " ind2=" ">
    <subfield code="a">T&#xED;tulo tomado del estuche</subfield>
  </datafield>
  <datafield tag="500" ind1=" " ind2=" ">
    <subfield code="a">Guardado en estuche</subfield>
  </datafield>
  <datafield tag="505" ind1="0" ind2=" ">
    <subfield code="a">[1]. Cuentos para ni&#xF1;os que sue&#xF1;an con cambiar el mundo : 50 superh&#xE9;roes inspiradores de carne y hueso, octava edici&#xF3;n (147 p&#xE1;ginas) -- [2]. Cuentos de animales que han cambiado el mundo : 50 animales inspiradores de carne y hueso, segunda edici&#xF3;n (143 p&#xE1;ginas)</subfield>
  </datafield>
  <datafield tag="650" ind1=" " ind2="7">
    <subfield code="a">Personas c&#xE9;lebres</subfield>
    <subfield code="x">Biograf&#xED;as</subfield>
    <subfield code="v">Libros infantiles</subfield>
    <subfield code="2">embne</subfield>
    <subfield code="9">68990</subfield>
  </datafield>
  <datafield tag="650" ind1=" " ind2="7">
    <subfield code="a">Animales famosos</subfield>
    <subfield code="v">Libros infantiles</subfield>
    <subfield code="2">embne</subfield>
    <subfield code="9">68991</subfield>
  </datafield>
  <datafield tag="655" ind1=" " ind2="7">
    <subfield code="a">Biograf&#xED;as</subfield>
    <subfield code="2">tgfbne</subfield>
    <subfield code="9">62863</subfield>
  </datafield>
  <datafield tag="655" ind1=" " ind2="7">
    <subfield code="a">Libros infantiles</subfield>
    <subfield code="2">tgfbne</subfield>
  </datafield>
  <datafield tag="655" ind1=" " ind2="7">
    <subfield code="a">Libros ilustrados</subfield>
    <subfield code="2">tgfbne</subfield>
  </datafield>
  <datafield tag="700" ind1="1" ind2="2">
    <subfield code="a">Mazzanti, Marcelo E.</subfield>
    <subfield code="t">Cuentos para ni&#xF1;os que sue&#xF1;an con cambiar el mundo</subfield>
    <subfield code="9">68992</subfield>
  </datafield>
  <datafield tag="700" ind1="1" ind2="2">
    <subfield code="a">Mazzanti, Marcelo E.</subfield>
    <subfield code="t">Cuentos de animales que han cambiado el mundo</subfield>
    <subfield code="9">68993</subfield>
  </datafield>
  <datafield tag="700" ind1="1" ind2=" ">
    <subfield code="a">Marvel, G. L.</subfield>
    <subfield code="e">idea original</subfield>
    <subfield code="9">68994</subfield>
  </datafield>
  <datafield tag="700" ind1="1" ind2=" ">
    <subfield code="a">Labrada, Sara C.</subfield>
    <subfield code="e">ilustrador</subfield>
    <subfield code="9">68995</subfield>
  </datafield>
  <datafield tag="700" ind1="1" ind2=" ">
    <subfield code="a">Guix&#xE9;, Mar</subfield>
    <subfield code="d">1986-</subfield>
    <subfield code="e">ilustrador</subfield>
    <subfield code="9">68996</subfield>
  </datafield>
  <datafield tag="740" ind1="0" ind2="2">
    <subfield code="a">Cuentos para ni&#xF1;os que sue&#xF1;an con cambiar el mundo</subfield>
  </datafield>
  <datafield tag="740" ind1="0" ind2="2">
    <subfield code="a">Cuentos de animales que han cambiado el mundo</subfield>
  </datafield>
  <datafield tag="901" ind1=" " ind2=" ">
    <subfield code="a">MON20</subfield>
  </datafield>
  <datafield tag="901" ind1=" " ind2=" ">
    <subfield code="a">MON19</subfield>
    <subfield code="a">MON18</subfield>
  </datafield>
  <datafield tag="942" ind1=" " ind2=" ">
    <subfield code="2">ddc</subfield>
    <subfield code="c">BK</subfield>
  </datafield>
  <datafield tag="956" ind1=" " ind2=" ">
    <subfield code="a">2</subfield>
  </datafield>
  <datafield tag="980" ind1=" " ind2=" ">
    <subfield code="a">B 9481-2018 (v. 1)</subfield>
    <subfield code="a">B 26422-2018 (v. 2)</subfield>
    <subfield code="a">978-84-17761-83-7</subfield>
    <subfield code="q">estuche</subfield>
    <subfield code="a">978-84-17128-53-1</subfield>
    <subfield code="q">v. 1</subfield>
    <subfield code="a">978-84-17128-94-4</subfield>
    <subfield code="q">v. 2</subfield>
    <subfield code="a">Encuadernaci&#xF3;n en carton&#xE9;. Guardados en estuche</subfield>
    <subfield code="a">SpMaBN</subfield>
    <subfield code="b">BNALCALA</subfield>
    <subfield code="j">11/46483-11/46484</subfield>
    <subfield code="c">SG_PETANTI</subfield>
    <subfield code="8">1</subfield>
    <subfield code="a">[v.]</subfield>
    <subfield code="8">1.1</subfield>
    <subfield code="a">1</subfield>
    <subfield code="8">1.2</subfield>
    <subfield code="a">2</subfield>
    <subfield code="8">0</subfield>
    <subfield code="a">2 v.</subfield>
  </datafield>
  <datafield tag="980" ind1=" " ind2=" ">
    <subfield code="a">B 9481-2018 (v. 1)</subfield>
    <subfield code="a">B 26422-2018 (v. 2)</subfield>
    <subfield code="a">978-84-17761-83-7</subfield>
    <subfield code="q">estuche</subfield>
    <subfield code="a">978-84-17128-53-1</subfield>
    <subfield code="q">v. 1</subfield>
    <subfield code="a">978-84-17128-94-4</subfield>
    <subfield code="q">v. 2</subfield>
    <subfield code="a">Encuadernaci&#xF3;n en carton&#xE9;. Guardados en estuche</subfield>
    <subfield code="a">SpMaBN</subfield>
    <subfield code="b">BNALCALA</subfield>
    <subfield code="j">DL/2639814-DL/2639815</subfield>
    <subfield code="c">CONSERVACI</subfield>
    <subfield code="8">1</subfield>
    <subfield code="a">[v.]</subfield>
    <subfield code="8">1.1</subfield>
    <subfield code="a">1</subfield>
    <subfield code="8">1.2</subfield>
    <subfield code="a">2</subfield>
    <subfield code="8">0</subfield>
    <subfield code="a">2 v.</subfield>
  </datafield>
  <datafield tag="999" ind1=" " ind2=" ">
    <subfield code="c">60531</subfield>
    <subfield code="d">60531</subfield>
  </datafield>
  <datafield tag="952" ind1=" " ind2=" ">
    <subfield code="0">0</subfield>
    <subfield code="1">0</subfield>
    <subfield code="2">lcc</subfield>
    <subfield code="4">0</subfield>
    <subfield code="7">0</subfield>
    <subfield code="8">INF</subfield>
    <subfield code="a">MESJUANI</subfield>
    <subfield code="b">MESJUANI</subfield>
    <subfield code="c">SInf</subfield>
    <subfield code="d">2026-02-18</subfield>
    <subfield code="l">0</subfield>
    <subfield code="o">C MARV</subfield>
    <subfield code="p">SJU02644</subfield>
    <subfield code="r">2026-02-18 20:42:26</subfield>
    <subfield code="t">Ej.1</subfield>
    <subfield code="w">2026-02-18</subfield>
    <subfield code="y">BKINF</subfield>
  </datafield>
</record>
